First aid in rubber planting (Record no. 22517)

MARC details
000 -LEADER
fixed length control field 00404nam a2200157Ia 4500
082 ## - DEWEY DECIMAL CLASSIFICATION NUMBER
Classification number NR:63:5+6
Item number DES
100 ## - MAIN ENTRY--AUTHOR NAME
Personal name De Silva, Frank L
245 #0 - TITLE STATEMENT
Title First aid in rubber planting
260 ## - PUBLICATION, DISTRIBUTION, ETC. (IMPRINT)
Place of publication Ceylon
Name of publisher talgaswella estate
Year of publication 1957
650 ## - SUBJECT ADDED ENTRY--TOPICAL TERM
Topical Term Brown bast
650 ## - SUBJECT ADDED ENTRY--TOPICAL TERM
Topical Term Budgrafting
650 ## - SUBJECT ADDED ENTRY--TOPICAL TERM
Topical Term Rubber diseases
650 ## - SUBJECT ADDED ENTRY--TOPICAL TERM
Topical Term Rubber history
942 ## - ADDED ENTRY ELEMENTS (KOHA)
Koha item type Books
Holdings
Withdrawn status Lost status Damaged status Not for loan Home library Current library Date acquired Full call number Accession Number Koha item type
        RRII Library RRII Library 16/12/2021 NR:63:5+6 DES 03237 Books